Water supply /

Bibliographic Details
Other Authors: Stein, Richard Joseph
Format: Book
Language:English
Published: New York : H.W. Wilson Co., 2008.
Series:Reference shelf ; v. 80, no. 2.
Subjects:

MARC

Tag First Indicator Second Indicator Subfields
LEADER 00000cam a22000008a 4500
001 in00002372017
005 20151109045717.0
008 080214s2008 nyu b 001 0 eng
010 |a  2008007177 
020 |a 9780824210793 (alk. paper) 
020 |a 0824210794 (alk. paper) 
035 |a (OCoLC)ocn193910512 
035 |a (OCoLC)193910512 
040 |a DLC  |c DLC  |d BAKER  |d HNW  |d WIQ  |d RMC  |d ORE  |d OCLCQ  |d TXA  |d UtOrBLW 
049 |a TXAM 
050 0 0 |a TD355  |b .W385 2008 
082 0 0 |a 363.6/1  |2 22 
245 0 0 |a Water supply /  |c edited by Richard Joseph Stein. 
263 |a 0804 
264 1 |a New York :  |b H.W. Wilson Co.,  |c 2008. 
300 |a viii, 195 pages :  |b illustrations ;  |c 26 cm. 
336 |a text  |b txt  |2 rdacontent 
337 |a unmediated  |b n  |2 rdamedia 
338 |a volume  |b nc  |2 rdacarrier 
490 1 |a The reference shelf ;  |v v. 80, no. 2 
504 |a Includes bibliographical references and index. 
505 0 |a The global water supply : an overview. Blue planet blues / Eleanor J. Sterling ; PopulationWatch : "more crop per drop" / Tushaar Shah ; Water scarcity : the food factor / David Molden, Charlotte De Fraiture, and Frank Rijsberman ; Not a drop to drink / Katharine Mieszkowski ; Where's the water? / Andrea Neal ; Water woes / Marianne Lavelle ; Ask Natural Life : bottled water or tap water? / Wendy Priesnitz -- Water wars. The rise of big water / Charles C. Mann ; Water for profit / Jon R. Luoma ; The new water wars / Bill Lambrecht ; Water war / Current Events ; Sharing the river out of Eden / Sandra L. Postel -- Polluted waters. Sold down the river / Eleanor J. Sterling and Merry D. Camhi ; Troubled waters / Mary Carmichael, Sarah Schafer, and Sudip Mazumdar ; A prayer for the Ganges / Joshua Hammer ; Breathless in Brooklyn / Frank Koughan ; Dangerous waters / Sharon P. Nappier, Robert S. Lawrence, and Kellogg J. Schwab ; Water / New Internationalist -- Climate change and the water supply. A European Sahara? / Eric Pape ; The big dry / The Economist ; Tapped out? : melting snow may equal less water / Laura Snider ; Climate change could mean more massive downpours / Lisa Stiffler and Tom Paulson -- Water management. How to fix our dam problems / James G. Workman ; Scaling up drinking water services / Junaid K. Ahmad, David Savage, and Vivek Srivastava ; From California sewage, drinking water / Randal C. Archibold ; Clean and green / Donald Baker, Les Lampe, and Laura Adams. 
650 0 |a Water-supply. 
650 0 |a Water  |x Pollution. 
650 0 |a Global warming. 
650 0 |a Water rights. 
700 1 |a Stein, Richard Joseph. 
830 0 |a Reference shelf ;  |v v. 80, no. 2. 
938 |a Baker & Taylor  |b BKTY  |c 50.00  |d 50.00  |i 0824210794  |n 0007604812  |s active 
994 |a C0  |b TXA 
948 |a cataloged  |b h  |c 2008/5/2  |d c  |e blrosas  |f 9:19:31 am 
999 |a MARS 
999 f f |s fe060c2d-f66e-36dc-aa9d-08b6219ea53e  |i 8c7a7fbe-c9d6-3bdf-aa07-cbc5fbbba791  |t 0 
952 f f |p ric  |a Texas A&M University  |b Rellis Campus  |c Joint Library Facility  |d Remote Storage  |t 0  |e TD355 .W385 2008  |h Library of Congress classification  |i unmediated -- volume  |m A14837226464 
998 f f |a TD355 .W385 2008  |t 0  |l Remote Storage